• 首页
  • 本馆介绍
  • 公告通知
  • 最新文献
  • 馆藏检索
  • 电子资源
  • 读者导购
  • 参考咨询
  • 我的图书馆
  • 登录
  • 详细信息显示
  • 放入我的书架
  • 预约/预借图书
  • 作者相关作品
  • 分类相关作品
  • 丛书相关作品
  • 出版社相关作品

书目信息

  • 表格格式
  • 工作单格式
  • 卡片格式
题名:
扶犁深耕
    
 
作者: 阚维 著
分册:  
出版信息: 上海   上海教育出版社有限公司  2017
页数: 255页
开本: 24cm
丛书名:
单 册:
中图分类: K825.46=76
科图分类:
主题词: 优秀教师--先进事迹--中国--现代
电子资源:
ISBN: 978-7-5444-2413-4
000 00968nam0 2200229 450
001 3781
005 20180527193248.42
010    @a978-7-5444-2413-4@dCNY49.80
100    @a20180513d2017 em y0chiy50 ea
101 0  @achi
102    @aCN@b310000
105    @aa z 000yd
200 1  @a扶犁深耕@9fu li shen geng@e播撒心灵的种子@e首届“明远教育奖”实践类获奖者行思录@f阚维著
210    @a上海@c上海教育出版社有限公司@d2017
215    @a255页@c照片@d24cm
300    @a明远教育奖书系
330    @a本书呈现的是在中国教育转型背景下首届“明远教育奖”实践类获奖者的人生叙述。他们绝非一日成名的教育明星,更不是博人眼球的说教者,而如同耕拓陇亩的农人,与星辰相伴,与日月同行。他们长期在教育一线、管理前沿思索探讨,实践创新,前瞻反省。他们以自己坚实的脚步,印刻下他们对教育转型的共同回答。
606 0  @a优秀教师@x先进事迹@y中国@z现代
690    @aK825.46=76@v5
701  0 @a阚维@9kan wei@c(教育学)@4著
801  0 @aCN@b91MARC@c20180513
905    @aMuseLib@dK825.46=76@e1104
    
    扶犁深耕:播撒心灵的种子:首届“明远教育奖”实践类获奖者行思录/阚维著.-上海:上海教育出版社有限公司,2017
    255页:照片;24cm
    明远教育奖书系
    
    ISBN 978-7-5444-2413-4:CNY49.80
    本书呈现的是在中国教育转型背景下首届“明远教育奖”实践类获奖者的人生叙述。他们绝非一日成名的教育明星,更不是博人眼球的说教者,而如同耕拓陇亩的农人,与星辰相伴,与日月同行。他们长期在教育一线、管理前沿思索探讨,实践创新,前瞻反省。他们以自己坚实的脚步,印刻下他们对教育转型的共同回答。
●
相关链接 在E读中查询图书 在五车中查询图书 在当当中查询图书 在豆瓣中查询图书


正题名:扶犁深耕     索取号:K825.46=76/1104         预约/预借

序号 登录号 条形码 馆藏地/架位号 状态 备注
1 1110587   211105873   第二样本阅览室/ [索取号:K825.46=76/1104] 在馆    
2 1110588   211105882   教育系资料室/ [索取号:K825.46=76/1104] 在馆    
3 1110589   211105891   教育系资料室/ [索取号:K825.46=76/1104] 在馆    
4 1110590   211105908   第二借阅区/ [索取号:K825.46=76/1104] 在馆    
唐山师范学院图书馆 欢迎您!
大连网信软件有限公司© 版权所有